Vyhlásenie na účely uplatnenia nezdaniteľnej časti základu dane a daňového bonusu v roku 2014

Tlačivo Vyhlásenia ... a podmienky jeho využitia.

Salvato in:
Dettagli Bibliografici
Autore principale: Rabatinová, Marcela, 1977-
Natura: Capitolo di libro
Lingua:slovacco
Soggetti:
Tags: Aggiungi Tag
Nessun Tag, puoi essere il primo ad aggiungerne!!

MARC

LEADER 00000nla a2200000 4500
001 0185716
005 20240502073159.4
041 0 |a slo 
044 |a SK 
245 1 0 |a Vyhlásenie na účely uplatnenia nezdaniteľnej časti základu dane a daňového bonusu v roku 2014  |c Marcela Rabatinová 
520 |a Tlačivo Vyhlásenia ... a podmienky jeho využitia. 
610 2 0 |a osoby fyzické 
610 2 0 |a daňovníci 
610 2 0 |a povinnosť daňová 
610 2 0 |a základ dane 
610 2 0 |a zvýhodnenie daňové 
100 1 |a Rabatinová, Marcela, 1977-